Statistics for GAA All Ireland Football Winning Team 2020

Click here to take the quiz!

General Stats

  • This quiz has been taken 16 times
  • The average score is 15 of 20

Answer Stats

PositionPlayer% Correct
MFB. Fenton
100%
CHFC. Kilkenny
93%
LFFD. Rock
93%
LFBJ. Cooper
93%
RHFN. Scully
93%
GKS. Cluxton
93%
CFFC. O'Callaghan
86%
MFJ. McCarthy
86%
CHBJ. Small
86%
RFFP. Small
86%
SUBB. Howard
79%
ManagerD. Farrell
79%
SUBC. Costello
71%
RHBE. Murchan
71%
RFBM. Fitzsimons
71%
SUBP. Mannion
64%
CFBD. Byrne
50%
SUBC. Basquel
29%
LHFS. Bugler
29%
LHBR. McDaid
21%

Score Distribution

Percentile by Number Answered

Percent of People with Each Score

Your Score History

You have not taken this quiz